00705 a2200181 4500020001500000090001500015100002200030245006200052250001200114260004700126300004800173650002000221700002000241942002100261999001500282952011300297952011300410 a0070241503 c2472d247210aGrauer, Robert T.10aMicrocomputer applicationsc/ Robert Grauer, Paul Sugrue. a3rd ed.0 aNew Yorkb: Mitchell McGraw-Hillc, c1991. axxiii, 551 p.b: ill. (some col.)c; 26 cm. 0aMicrocomputers.10aSugrue, Paul K. cBKk005.4469 GRA c6398d6398 001040708NFICaCLbCLcOSd2001-08-27eDonationl0o005.4469 GRApSEECS001236r2012-11-14w2017-01-05yBK 001040708NFICaCLbCLcOSd2001-08-27eDonationl0o005.4469 GRApSEECS001237r2012-11-14w2017-01-05yBK